000
00431nam a2200133Ia 4500
008
100328s9999 xx 000 0 und d
082
_b
56045
100
_a
जोशी विमला
245
_a
तेथ लावण्याची ठेवं
260
_b
सुराज
630
_a
तेथ लावण्याची ठेवं
730
_a
तेथ लावण्याची ठेवं
942
_c
BOOK
999
_c
542634
_d
542631